নব্বই দশকে বিলেতে বাংলাদেশি সাংবাদিক / (Record no. 41320)
[ view plain ]
| 000 -LEADER | |
|---|---|
| fixed length control field | 00887nam a2200229 a 4500 |
| 001 - CONTROL NUMBER | |
| control field | 41320 |
| 003 - CONTROL NUMBER IDENTIFIER | |
| rucl marc code | BD-RjUL |
| 005 - DATE AND TIME OF LATEST TRANSACTION | |
| control field | 20211209053351.0 |
| 008 - FIXED-LENGTH DATA ELEMENTS--GENERAL INFORMATION | |
| fixed length control field | 160528s2009 bg a|||| |||| 00| 0 ben d |
| 020 ## - INTERNATIONAL STANDARD BOOK NUMBER | |
| International Standard Book Number | 9847005901507 |
| Terms of availability | : TK 280.00 |
| 035 ## - SYSTEM CONTROL NUMBER | |
| System control number | (BD-RjUL)41437 |
| 040 ## - CATALOGING SOURCE | |
| Original cataloging agency | BD-RjUL |
| Language of cataloging | ben |
| Transcribing agency | BD-RjUL |
| 041 ## - LANGUAGE CODE | |
| Language code of text/sound track or separate title | ben |
| 082 ## - DEWEY DECIMAL CLASSIFICATION NUMBER | |
| Edition number | 23 |
| Author mark and year | CHN 2009 |
| Classification number | 070.92 |
| 100 ## - MAIN ENTRY--PERSONAL NAME | |
| Personal name | চৌধু্রী, রব্বানী |
| 9 (RLIN) | 119566 |
| 245 10 - TITLE STATEMENT | |
| Title | নব্বই দশকে বিলেতে বাংলাদেশি সাংবাদিক / |
| Statement of responsibility, etc. | রব্বানী চৌধু্রী |
| 260 ## - PUBLICATION, DISTRIBUTION, ETC. (IMPRINT) | |
| Place of publication, distribution, etc. | ঢাকা : |
| Name of publisher, distributor, etc. | উৎস প্রকাশন, |
| Date of publication, distribution, etc. | ২০০৯ |
| 300 ## - PHYSICAL DESCRIPTION | |
| Pagination | ২২৬ পৃ. : |
| Illustrations | চিত্র ; |
| Size | ২১ সেমি. |
| 650 ## - SUBJECT ADDED ENTRY--TOPICAL TERM | |
| Topical term or geographic name as entry element | Journalists |
| General subdivision | Biography. |
| 9 (RLIN) | 124596 |
| Topical term or geographic name as entry element | সাংবাদিক |
| General subdivision | জীবনী |
| 9 (RLIN) | 122450 |
| 942 ## - ADDED ENTRY ELEMENTS (KOHA) | |
| Source of classification or shelving scheme | Dewey Decimal Classification |
| Koha item type | Books |
| Lost status | Source of classification or shelving scheme | Damaged status | Not for loan | Collection code | Permanent Location | Current Location | Shelving location | Date acquired | Source of acquisition | Cost, normal purchase price | Total Checkouts | Full call number | Date last seen | Copy number | Koha item type |
|---|---|---|---|---|---|---|---|---|---|---|---|---|---|---|---|
| Dewey Decimal Classification | Non-fiction | Central Library, University of Rajshahi | Central Library, University of Rajshahi | 04/07/2009 | Lekhok, Dhaka | 280.00 | B 070.92 CHN 2009 | 28/05/2016 | C-2 | Books | |||||
| Dewey Decimal Classification | Not For Loan | Non-fiction | Central Library, University of Rajshahi | Central Library, University of Rajshahi | Reading Room | 04/07/2009 | Author, gift | 280.00 | B 070.92 CHN 2009 | 05/12/2016 | C-1 | Books |